000 02037nam a2200577 i 4500
001 36380
003 KOSZ 005
005 20201126094900.0
008 020819s2000 pl a f f |000 0 pol
015 _aUWD 2002/13609
020 _a8391080145
035 _a991017664129705066
035 _a(PL-WaBN)b14778701-48omnis_nlop
035 _ab14778701
035 _a(OCoLC)749425035
035 _a(PL)b0000001477870
035 _a(EXLNZ-48OMNIS_NETWORK)9910310575605606
040 _aWA N
_cWA N
_dKOSZ 005/HR
041 1 _apol
_hger
046 _k1996
080 _a628.32
080 _a628.4
080 _a(083.1)
100 1 _aImhoff, Klaus R.
_d(1932- )
_eAutor
245 1 0 _aPrzykłady projektów komunalnych oczyszczalni ścieków /
_cImhoff, Bode, Evers ; [tł. na jęz. pol. Agnieszka Michalska, Wojciech Przywecki].
246 1 _iTyt. oryg.:
_aEntwurfsbeispiele für die kommunale Kläranlagen,
_f1996
260 _aSzczecin :
_b"Seidel-Przywecki",
_c2000.
300 _aV, [1], 90 s., [12] s. tabl. :
_bil. (w tym kolor.), mapy ;
_c23 cm.
336 _aTekst
_btxt
_2rdacontent
337 _aBez urządzenia pośredniczącego
_bn
_2rdamedia
338 _aWolumin
_bnc
_2rdacarrier
380 _aKsiążki
380 _aPublikacje fachowe
388 _a1901-2000
388 _a1989-2000
504 _aBibliogr. przy rozdz.
650 7 _aGospodarka komunalna
_2DBN
650 7 _aUrządzenia
650 7 _aOczyszczalnia ścieków
_2DBN
650 7 _aProjektowanie
655 7 _aPoradnik
_2DBN
658 _aInżynieria i technika
700 1 _aBode, Harro
_eAutor
700 1 _aEvers, Peter
_eAutor
700 1 _aMichalska, Agnieszka
_eTłumaczenie
700 1 _aPrzywecki, Wojciech
_d(1956- )
_eTłumaczenie
710 2 _aWydawnictwo Seidel-Przywecki
_4pbl
856 _uhttp://koha.tu.koszalin.pl/cgi-bin/koha/opac-detail.pl?biblionumber=36380
_yKatalog online BPK
942 _2UKD
_cKS
999 _c36380
_d36380